| 000 | 01094cam a22003617a 4500 | ||
|---|---|---|---|
| 001 | 108360 | ||
| 005 | 20230410132803.0 | ||
| 008 | 100414s2010 njua 001 0 eng | ||
| 035 | _a16186504 | ||
| 925 | 0 |
_aacquire _b2 shelf copies _xpolicy default |
|
| 942 |
_2lcc _cbk |
||
| 010 | _a 2010926846 | ||
| 015 |
_aGBB033309 _2bnb |
||
| 016 | 7 |
_a015499582 _2Uk |
|
| 020 | _a9780470598757 (pbk.) | ||
| 020 | _a0470598751 (pbk.) | ||
| 035 | _a(OCoLC)ocn647822101 | ||
| 040 |
_aCGB _cCGB _dUKM _dYDXCP _dJST _dWL8 _dORX _dUV0 _dABG _dMEAUC _dUKMGB _dBDX _dDLC |
||
| 042 | _alccopycat | ||
| 050 | 1 | 4 |
_aQH 307.2 _bK89b 2010 |
| 082 | 0 | 0 | _a574 |
| 100 | 1 | _aKratz, Rene Fester. | |
| 245 | 1 | 0 |
_aBiology for dummies / _cby Rene Fester Kratz and Donna Rae Siegfried. |
| 250 | _a2nd ed. | ||
| 260 |
_aHoboken, N.J. : _bWiley, _cc2010. |
||
| 300 |
_axviii, 366 p. : _bill. ; _c24 cm. |
||
| 490 | 0 | _aFor dummies | |
| 500 | _aIncludes index. | ||
| 650 | 0 |
_aBiology _xStudy and teaching _vHandbooks, manuals, etc. |
|
| 650 | 4 |
_aBiología _xEnseñanza. |
|
| 700 | 1 | _aSiegfried, Donna Rae. | |
| 946 | _adpf | ||
| 999 |
_c87770 _d87770 |
||